| 000 | 00495cam a2200181ua 4500 | ||
|---|---|---|---|
| 020 | _a0-201-00077-6 | ||
| 041 |
_aeng _h |
||
| 082 |
_a530 _bALO/FU |
||
| 100 | _aAlonso, Marcelo . | ||
| 245 |
_aFundamental University Physics : Vol 2, fields and waves / _cMarcelo Alonso. _hTextual Documents |
||
| 250 |
_a2 / _b. |
||
| 260 |
_aTokyo : _bAddison-Wesley Publishing Company , _c1967. |
||
| 300 | _a658 ; . | ||
| 504 | _a | ||
| 700 | 1 | _aFinn, Edward.J . | |
| 942 | _cBK | ||
| 999 |
_c1550 _d1550 |
||